Statistics for All Major Powers Spirit Island

Click here to take the quiz!

General Stats

  • This quiz has been taken 39 times
  • The average score is 35 of 66

Answer Stats

Energy CostGameAnswer% Correct
6BaseTsunami
85%
3Jagged EarthAngry Bears
77%
9Branch & ClawCast Down into The Briny Deep
77%
7Branch & ClawFire and Flood
77%
3BaseThe Jungle Hungers
77%
2BaseThe Trees and Stones Speak of War
77%
3BaseVigor of the Breaking Dawn
77%
2Branch & ClawFlow like Water, Reach like Air
69%
4BaseIndomitable Claim
69%
5BasePillar of Living Flame
69%
6BaseTalons of Lightning
69%
2Branch & ClawTigers Hunting
69%
5Branch & ClawTwisted Flowers Murmur Ultimatums
69%
4Jagged EarthUtter a Curse of Dread and Bone
69%
8Branch & ClawVolcanic Eruption
69%
4Jagged EarthWeave Together the Fabric of Place
69%
5BaseBlazing Renewal
62%
4BaseDissolve the Bonds of Kinship
62%
8Jagged EarthDraw Towards a Consuming Void
62%
4Jagged EarthForests of Living Obsidian
62%
6Jagged EarthIrresistible Call
62%
6Branch & ClawManifest Incarnation
62%
4BaseMists of Oblivion
62%
5Branch & ClawSea Monsters
62%
4Branch & ClawUnlock The Gates of Deepest Power
62%
4BaseAccelerated Rot
54%
5BaseCleansing Floods
54%
2BaseEntwined Power
54%
4Jagged EarthInfestation of Venomous Spiders
54%
3BaseInfinite Vitality
54%
2Branch & ClawSavage Transformation
54%
5Jagged EarthSpill Bitterness into The Earth
54%
4Branch & ClawStrangling Firevine
54%
4BaseTerrifying Nightmares
54%
3BaseWrap in Wings of Sunlight
54%
4Branch & ClawBloodwrack Plague
46%
4Branch & ClawDeath Falls Gently From Open Blossoms
46%
6Jagged EarthDream of The Untouched Land
46%
5Jagged EarthFocus The Land’s Anguish
46%
4Branch & ClawInsatiable Hunger of The Swarm
46%
4Branch & ClawInstruments of Their Own Ruin
46%
4BaseParalyzing Fright
46%
3BasePowerstorm
46%
3Branch & ClawPyroclastic Flow
46%
4BaseThe Land Thrashes in Furious Pain
46%
6Jagged EarthTransform to a Murderous Darkness
46%
3Jagged EarthTrees Radiate Celestial Brilliance
46%
4Branch & ClawUnrelenting Growth
46%
3Jagged EarthVoice of Command
46%
4Jagged EarthWalls of Rock and Thorn
46%
3BaseWinds of Rust and Atrophy
46%
2Jagged EarthBargains of Power and Protection
38%
4Branch & ClawGrant Hatred a Ravenous Form
38%
4Jagged EarthMelt Earth into Quicksand
38%
3Branch & ClawPent-Up Calamity
38%
3BasePoisoned Land
38%
3Jagged EarthSleep and Never Waken
38%
3Branch & ClawSmothering Infestation
38%
3Jagged EarthStorm-Swath
38%
2Jagged EarthUnleash a Torrent of the Self’s Own Essence
38%
3Jagged EarthVanish Softly Away, Forgotten by All
38%
3Jagged EarthSettle Into Hunting Grounds
31%
4Branch & ClawSweep Into The Sea
31%
4Jagged EarthThe Wounded Wild Turns on Its Assailants
31%
3Jagged EarthThickets Erupt With Every Touch of Breeze
31%
3BaseVengeance of The Dead
31%

Score Distribution

Percentile by Number Answered

Percent of People with Each Score

Your Score History

You have not taken this quiz